La competencia lingüística y comunicativa en el aprendizaje del español como lengua extranjera (Registro nro. 307493)
[ vista simple ]
| 000 -ENCABEZADO | |
|---|---|
| Número de control [NR] | 00895 a2200229 4500 |
| 005 - FECHA Y HORA DE LA ÚLTIMA TRANSACCIÓN | |
| control field | 20171102143255.0 |
| 008 - DE LONGITUD FIJA DE DATOS DE ELEMENTOS - INFORMACIÓN GENERAL | |
| Elementos de longitud fija [NR] | 171102s2004 sp |||||r|||| 00| 0 spa d |
| 020 ## - NUMERO INTERNACIONAL NORMALIZADO PARA LIBROS [R] | |
| Número Internacional Normalizado del libro [NR] | 9788495986290 |
| 020 ## - NUMERO INTERNACIONAL NORMALIZADO PARA LIBROS [R] | |
| Número Internacional Normalizado del libro [NR] | 8495986299 |
| 040 ## - FUENTE DE CATALOGACION [NR] | |
| Agencia de catalogación original [NR] | CO-BoUCM |
| Idioma de catalogación [NR] | spa |
| Quien Cataloga | Sandra Palacio |
| Quien Clasifica | Sandra Palacio |
| 041 1# - CODIGO DE IDIOMA [R] | |
| Código de idioma para texto/pista de sonido o título separado [R] | Español |
| 245 03 - MENCION DE TITULO [NR] | |
| Título [NR] | La competencia lingüística y comunicativa en el aprendizaje del español como lengua extranjera |
| Mención de responsabilidad, etc. [NR] | Stefan Ruhstaller, Francisco Lorenzo Berguillos |
| 260 ## - PUBLICACION, DISTRIBUCION, ETC. (PIE DE IMPRENTA) [R] | |
| Nombre del editor, distribuidor, etc. [R] | Edinumen |
| Fecha de publicación, distribución, etc. [R] | 2004 |
| Lugar de publicación, distribución, etc. [R] | Madrid (España) |
| 300 ## - DESCRIPCION FISICA [R] | |
| Extensión [R] | 167 páginas |
| 650 17 - ASIENTO SECUNDARIO DE MATERIA - TERMINO TEMATICO [R] | |
| 9 (RLIN) | 18563 |
| Término temático o nombre geográfico como elemento de entrada [NR] | Lingüística |
| Subdivisión general [R] | Enseñanza |
| 650 27 - ASIENTO SECUNDARIO DE MATERIA - TERMINO TEMATICO [R] | |
| 9 (RLIN) | 14900 |
| Término temático o nombre geográfico como elemento de entrada [NR] | Español |
| Subdivisión general [R] | Linguistica |
| -- | Enseñanza |
| 650 27 - ASIENTO SECUNDARIO DE MATERIA - TERMINO TEMATICO [R] | |
| 9 (RLIN) | 18563 |
| Término temático o nombre geográfico como elemento de entrada [NR] | Lingüística |
| Subdivisión general [R] | Terminología |
| 700 1# - ASIENTO SECUNDARIO - NOMBRE PERSONAL [R] | |
| Nombre personal [NR] | Ruhstaller, Stefan |
| Término de relación [R] | coordinador |
| 9 (RLIN) | 88416 |
| 700 1# - ASIENTO SECUNDARIO - NOMBRE PERSONAL [R] | |
| Nombre personal [NR] | Lorenzo Berguillos, Francisco |
| Término de relación [R] | coordinador |
| 9 (RLIN) | 88417 |
| 942 ## - ELEMENTOS DE ENTRADA AGREGADOS (KOHA) | |
| Tipo de ítem principal el descrito en 300a | Libro |
| Sistema de clasificación | DEWEY |
| Tema principal | Lingüística |
| Edición | 1 |
| Clasificación | 468 |
| Parte restante de la signatura top. | L142cl |
| Total préstamos | Signatura topográfica | Código de barras | Última vez visto | Ejemplar | Costo de reposición | Price effective from | Tipo de ítem | Perdido | Sistema de clasificación | Dañado | No prestable | Tipo de ítem específico | Suprimido | Ubicación habitual | Ubicación actual | Localización | Fecha de creación | Proveedor | Forma de adquisición | Costo |
|---|---|---|---|---|---|---|---|---|---|---|---|---|---|---|---|---|---|---|---|---|
| 468 L142cl | 100154670 | 05/12/2025 | Ej.1 | 73886.00 | 01/11/2017 | Libro | DEWEY | Libro | Claustro | Claustro | 2do piso | 01/11/2017 | 37 | Compra | 73886.00 |